[Event "2016 South Wales International"]
[Site "Cardiff"]
[Date "2016.07.09"]
[Round "4"]
[Board "15"]
[White "Bridges, Paul"]
[Black "Martin, Lewis"]
[Result "0-1"]
[WhiteElo "1812"]
[BlackElo "2053"]
[PlyCount "0"]
[EventDate "2016.07.07"]
[EventRounds "10"]
[EventCountry "WLS"]

1. e4 {[%clk 1:30:56]} c5 {[%clk 1:30:56]} 2. Nc3 {[%clk 1:30:54]} Nc6
{[%clk 1:31:21]} 3. f4 {[%clk 1:31:01]} g6 {[%clk 1:31:10]} 4. Nf3
{[%clk 1:31:15]} Bg7 {[%clk 1:31:35]} 5. Bc4 {[%clk 1:29:50]} a6 {[%clk 1:21:35]}
6. d3 {[%clk 1:28:08]} b5 {[%clk 1:20:56]} 7. Bb3 {[%clk 1:27:06]} Nh6
{[%clk 1:16:43]} 8. O-O {[%clk 1:26:31]} O-O {[%clk 1:16:43]} 9. Qe1
{[%clk 1:22:37]} e6 {[%clk 1:13:17]} 10. e5 {[%clk 1:09:07]} Na5 {[%clk 1:04:30]}
11. Ne4 {[%clk 1:08:56]} c4 {[%clk 0:55:56]} 12. dxc4 {[%clk 1:04:38]} bxc4
{[%clk 0:56:20]} 13. Ba4 {[%clk 1:00:48]} Nf5 {[%clk 0:48:27]} 14. Bd2
{[%clk 0:49:53]} Nb7 {[%clk 0:45:54]} 15. Bc3 {[%clk 0:39:27]} d5
{[%clk 0:42:18]} 16. exd6 {[%clk 0:34:51]} Nbxd6 {[%clk 0:40:35]} 17. Nxd6
{[%clk 0:32:57]} Qxd6 {[%clk 0:39:57]} 18. Bxg7 {[%clk 0:30:44]} Nxg7
{[%clk 0:33:47]} 19. Qe5 {[%clk 0:27:13]} Qb4 {[%clk 0:30:57]} 20. b3
{[%clk 0:26:20]} Nf5 {[%clk 0:28:45]} 21. Kh1 {[%clk 0:19:26]} Bb7
{[%clk 0:27:37]} 22. c3 {[%clk 0:08:16]} Qb6 {[%clk 0:24:35]} 23. bxc4
{[%clk 0:08:18]} Rac8 {[%clk 0:24:04]} 24. Rab1 {[%clk 0:07:05]} Qa7
{[%clk 0:24:16]} 25. Bc2 {[%clk 0:04:29]} Rxc4 {[%clk 0:16:01]} 26. Bxf5
{[%clk 0:04:15]} exf5 {[%clk 0:16:25]} 27. Qe7 {[%clk 0:04:20]} Rb8
{[%clk 0:16:09]} 28. Ne5 {[%clk 0:04:27]} Bxg2+ {[%clk 0:16:16]} 29. Kxg2
{[%clk 0:04:38]} Qxe7 {[%clk 0:16:38]} 30. Rxb8+ {[%clk 0:04:46]} Kg7
{[%clk 0:16:59]} 31. Nxc4 {[%clk 0:04:45]} Qe2+ {[%clk 0:16:35]} 32. Kg3
{[%clk 0:03:45]} Qxf1 0-1

[Event "2016 South Wales International"]
[Site "Cardiff"]
[Date "2016.07.09"]
[Round "4"]
[Board "16"]
[White "Davis, Lee"]
[Black "Mccarthy, Damian"]
[Result "1/2-1/2"]
[WhiteElo "1946"]
[BlackElo "1878"]
[PlyCount "0"]
[EventDate "2016.07.07"]
[EventRounds "10"]
[EventCountry "WLS"]

1. d4 {[%clk 1:30:58]} Nf6 {[%clk 1:28:22]} 2. g3 {[%clk 1:31:23]} d5
{[%clk 1:28:30]} 3. Bg2 {[%clk 1:31:46]} c6 {[%clk 1:28:43]} 4. Nf3
{[%clk 1:32:08]} Bf5 {[%clk 1:28:46]} 5. O-O {[%clk 1:32:30]} h6 {[%clk 1:28:51]}
6. c4 {[%clk 1:32:56]} e6 {[%clk 1:21:17]} 7. Nc3 {[%clk 1:33:20]} Nbd7
{[%clk 1:20:05]} 8. Nd2 {[%clk 1:29:55]} Be7 {[%clk 1:14:13]} 9. e4
{[%clk 1:28:56]} dxe4 {[%clk 1:13:19]} 10. Ndxe4 {[%clk 1:29:22]} Nxe4
{[%clk 1:12:08]} 11. Nxe4 {[%clk 1:28:21]} O-O {[%clk 1:07:05]} 12. Be3
{[%clk 1:18:41]} Nf6 {[%clk 1:01:14]} 13. Nc3 {[%clk 1:17:29]} Qc7
{[%clk 0:58:24]} 14. Qb3 {[%clk 1:15:57]} b6 {[%clk 0:43:49]} 15. d5
{[%clk 1:14:14]} cxd5 {[%clk 0:43:09]} 16. cxd5 {[%clk 1:12:18]} exd5
{[%clk 0:42:59]} 17. Rac1 {[%clk 1:06:54]} Qd6 {[%clk 0:41:36]} 18. Bf4
{[%clk 0:48:11]} Qb4 {[%clk 0:37:46]} 19. Qxb4 {[%clk 0:43:39]} 1/2-1/2

[Event "2016 South Wales International"]
[Site "Cardiff"]
[Date "2016.07.09"]
[Round "4"]
[Board "17"]
[White "Rovaretti, David"]
[Black "Jones, Steven A"]
[Result "0-1"]
[WhiteElo "1635"]
[BlackElo "2186"]
[PlyCount "44"]
[EventDate "2016.07.07"]
[EventRounds "10"]
[EventCountry "WLS"]

1. b3 g6 2. Bb2 Nf6 3. Nf3 Bg7 4. e4 d6 5. h3 O-O 6. d3 c5 7. Nbd2 Nc6 8. Nc4
e5 9. a4 Re8 10. Be2 d5 11. exd5 Nxd5 12. Qd2 b6 13. O-O-O Bb7 14. g3 a6 15. h4
b5 16. axb5 axb5 17. Na3 Qb6 18. h5 Ncb4 19. Kb1 Rxa3 20. hxg6 hxg6 21. Nxe5
Rxe5 22. Bxa3 Rxe2 0-1

[Event "2016 South Wales International"]
[Site "Cardiff"]
[Date "2016.07.09"]
[Round "4"]
[Board "18"]
[White "Jaunooby, Ali R"]
[Black "Sivarajasingam, Shayanna"]
[Result "1-0"]
[WhiteElo "2158"]
[BlackElo "1622"]
[PlyCount "55"]
[EventDate "2016.07.07"]
[EventRounds "10"]
[EventCountry "WLS"]

1. d4 d5 2. Bf4 Nf6 3. e3 c5 4. c3 Nc6 5. Nd2 Qb6 6. Qb3 c4 7. Qc2 g6 8. e4
Nxe4 9. Nxe4 dxe4 10. d5 Nb8 11. Be5 f6 12. Bd4 Qd6 13. Bxc4 Bf5 14. Ne2 e3 15.
Qb3 exf2+ 16. Bxf2 Qc7 17. Nd4 Bd7 18. O-O Na6 19. Bh4 g5 20. d6 exd6 21. Bf7+
Kd8 22. Bg3 Nc5 23. Qd5 Be7 24. Rad1 Bc6 25. Qxc5 dxc5 26. Nxc6+ Kc8 27. Be6+
Qd7 28. Bxd7# 1-0

[Event "2016 South Wales International"]
[Site "Cardiff"]
[Date "2016.07.09"]
[Round "4"]
[Board "19"]
[White "Orton, Paul"]
[Black "Morcom, Huw"]
[Result "0-1"]
[WhiteElo "1595"]
[BlackElo "1952"]
[PlyCount "76"]
[EventDate "2016.07.07"]
[EventRounds "10"]
[EventCountry "WLS"]

1. e4 c5 2. Nf3 d6 3. g3 Nc6 4. Bg2 g6 5. d3 Bg7 6. O-O Nf6 7. c3 O-O 8. Re1
Bg4 9. h3 Bd7 10. d4 b6 11. e5 Ne8 12. Bf4 Rc8 13. Qd2 dxe5 14. dxe5 Bf5 15.
Qe3 Nc7 16. Nh4 Na5 17. Na3 Nd5 18. Bxd5 Qxd5 19. Nxf5 gxf5 20. Red1 Qe6 21.
Rd2 Nc6 22. b3 Rfd8 23. Rad1 Rxd2 24. Rxd2 Rd8 25. Rxd8+ Nxd8 26. Qd2 Nc6 27.
Nb5 Bxe5 28. Qe3 Bxf4 29. Qxe6 fxe6 30. gxf4 Kf7 31. Kg2 Kf6 32. c4 e5 33.
fxe5+ Kxe5 34. Kf1 Kf6 35. Nc3 e5 36. Ke2 Kg5 37. Kf3 Kh4 38. Kg2 e4 0-1

[Event "2016 South Wales International"]
[Site "Cardiff"]
[Date "2016.07.09"]
[Round "4"]
[Board "20"]
[White "Chung, Ethan Cheung Jing"]
[Black "Parry, Matthew"]
[Result "0-1"]
[WhiteElo "1322"]
[BlackElo "1909"]
[PlyCount "58"]
[EventDate "2016.07.07"]
[EventRounds "10"]
[EventCountry "WLS"]

1. e4 Nf6 2. e5 Nd5 3. c4 Nb6 4. d4 d6 5. Nc3 dxe5 6. dxe5 Qxd1+ 7. Nxd1 Be6 8.
b3 Nc6 9. Bb2 g5 10. h4 g4 11. f4 gxf3 12. gxf3 O-O-O 13. Bh3 Bh6 14. Bxe6+
fxe6 15. Ne2 Nb4 16. Kf1 Rd3 17. Kf2 Nc2 18. Rb1 Rf8 19. Rh3 Nd7 20. Rg3 Nc5
21. Kg2 Ne1+ 22. Kh3 Nxf3 23. Nf2 Rdd8 24. Ba3 b6 25. Ng4 Rd2 26. Nxh6 Rxe2 27.
Ng4 h5 28. Rf1 hxg4+ 29. Kxg4 Nxe5+ 0-1

[Event "2016 South Wales International"]
[Site "Cardiff"]
[Date "2016.07.09"]
[Round "4"]
[Board "21"]
[White "Calist, Aron"]
[Black "Wagner, Guy"]
[Result "0-1"]
[WhiteElo "1500"]
[BlackElo "1817"]
[PlyCount "64"]
[EventDate "2016.07.07"]
[EventRounds "10"]
[EventCountry "WLS"]

1. e4 e6 2. d4 d5 3. Nc3 Nf6 4. Bg5 Bb4 5. e5 h6 6. exf6 hxg5 7. fxg7 Rg8 8.
Qh5 Qf6 9. Nf3 Qxg7 10. Bd3 Nd7 11. Nd2 Qxd4 12. O-O Nf6 13. Qe2 Bd7 14. Nb3
Qh4 15. Nb5 Bxb5 16. Bxb5+ c6 17. Bd3 Rh8 18. h3 Ke7 19. c3 Bd6 20. Rad1 Kd7
21. Nd4 Rae8 22. Nf3 Qh6 23. Ne5+ Bxe5 24. Qxe5 g4 25. Rfe1 Reg8 26. Bf5 gxh3
27. Bxe6+ fxe6 28. Qxe6+ Kc7 29. Qe5+ Kc8 30. Qe6+ Kb8 31. Qe5+ Ka8 32. g3 Re8
 0-1

[Event "2016 South Wales International"]
[Site "Cardiff"]
[Date "2016.07.09"]
[Round "4"]
[Board "22"]
[White "Wilson, Matthew R"]
[Black "Jones, Jeremy"]
[Result "1-0"]
[WhiteElo "1772"]
[BlackElo "1595"]
[PlyCount "75"]
[EventDate "2016.07.07"]
[EventRounds "10"]
[EventCountry "WLS"]

1. e4 e5 2. Nf3 Nc6 3. Bc4 Nf6 4. d3 Be7 5. c3 d5 6. exd5 Nxd5 7. O-O O-O 8.
Re1 Bf6 9. Nbd2 Nb6 10. Bb5 Bg4 11. Bxc6 bxc6 12. Ne4 Be7 13. h3 Bxf3 14. Qxf3
Qd5 15. Qg3 Qe6 16. h4 Nd5 17. Ng5 Bxg5 18. hxg5 Rae8 19. Re4 f5 20. gxf6 Nxf6
21. Ra4 Qf5 22. Rxa7 Nh5 23. Qh4 Nf4 24. Bxf4 exf4 25. Qh3 Qxh3 26. gxh3 f3 27.
Rxc7 Rf6 28. a4 Rg6+ 29. Kf1 Rge6 30. a5 g5 31. a6 g4 32. a7 gxh3 33. Kg1 Rg6+
34. Kh2 Rg2+ 35. Kxh3 Rxf2 36. a8=Q Rfe2 37. Rg1+ Kh8 38. Rc8 1-0

[Event "2016 South Wales International"]
[Site "Cardiff"]
[Date "2016.07.09"]
[Round "4"]
[Board "23"]
[White "Thomas, Roy"]
[Black "Lutchman Singh, Aishwarya"]
[Result "1-0"]
[WhiteElo "1751"]
[BlackElo "1443"]
[PlyCount "101"]
[EventDate "2016.07.07"]
[EventRounds "10"]
[EventCountry "WLS"]

1. f4 Nf6 2. Nf3 d6 3. g3 Nbd7 4. Bg2 g6 5. d3 Bg7 6. e4 c5 7. O-O e6 8. Qe1
O-O 9. Na3 Rb8 10. Nc4 Qc7 11. Bd2 b5 12. Ne3 Qb6 13. Ba5 Qa6 14. Bc3 Qb6 15.
Nh4 b4 16. Bd2 c4 17. Kh1 cxd3 18. cxd3 Qd4 19. Nc2 Qxb2 20. Nxb4 Qa3 21. Nc6
Rb2 22. Bb4 Qxd3 23. Rd1 Qc4 24. Rc1 Rc2 25. Rxc2 Qxc2 26. Ne7+ Kh8 27. Rf2 Qc4
28. Bxd6 Ng4 29. Rf1 Bc3 30. Qc1 Ba6 31. Rf3 Bd4 32. Qxc4 Bxc4 33. Bf1 Nf2+ 34.
Kg2 Bxf1+ 35. Kxf1 Nxe4 36. Rd3 Re8 37. Rxd4 Nxd6 38. Nexg6+ hxg6 39. Rxd6 Nf6
40. Nf3 Rc8 41. Ra6 Rc7 42. Kg2 Ng4 43. Kh3 Ne3 44. Ne5 Rb7 45. Ra3 Nc2 46. Rc3
Nd4 47. Rc4 Nf5 48. Ra4 Ne7 49. Nxf7+ Kg7 50. Ng5 Kf6 51. Ra6 1-0

[Event "2016 South Wales International"]
[Site "Cardiff"]
[Date "2016.07.09"]
[Round "4"]
[Board "24"]
[White "Robertson, Jim"]
[Black "Bonutto, Stephen"]
[Result "1-0"]
[WhiteElo "1649"]
[BlackElo "1391"]
[PlyCount "51"]
[EventDate "2016.07.07"]
[EventRounds "10"]
[EventCountry "WLS"]

1. d4 d5 2. e3 e6 3. f4 Nf6 4. Bd3 Be7 5. Nd2 Nc6 6. c3 b6 7. Ngf3 Bb7 8. Ne5
Nxe5 9. fxe5 Ne4 10. O-O Nxd2 11. Bxd2 h5 12. Qf3 f5 13. exf6 gxf6 14. e4 Qd6
15. e5 fxe5 16. dxe5 Qxe5 17. Rae1 Qd6 18. Qf7+ Kd7 19. Rxe6 Qc5+ 20. Be3 d4
21. cxd4 Rag8 22. Rf2 Qb4 23. Rc2 Bd5 24. Rxe7+ Qxe7 25. Qxd5+ Kc8 26. Ba6+ 1-0

[Event "2016 South Wales International"]
[Site "Cardiff"]
[Date "2016.07.09"]
[Round "4"]
[Board "25"]
[White "Hurn, Robert Aj"]
[Black "Cox, John"]
[Result "1/2-1/2"]
[WhiteElo "1623"]
[BlackElo "1469"]
[PlyCount "34"]
[EventDate "2016.07.07"]
[EventRounds "10"]
[EventCountry "WLS"]

1. d4 f5 2. Bg5 g6 3. e3 Bg7 4. c3 b6 5. Nf3 Bb7 6. Nbd2 Nf6 7. Bd3 O-O 8. Bxf6
Bxf6 9. O-O d6 10. Bc4+ d5 11. Be2 Nd7 12. Rc1 Kh8 13. b4 e5 14. Qb3 e4 15. Ne1
Rc8 16. Nc2 Bg7 17. f4 Nf6 1/2-1/2

[Event "2016 South Wales International"]
[Site "Cardiff"]
[Date "2016.07.09"]
[Round "5"]
[Board "1"]
[White "Petrov, Marian"]
[Black "Chatalbashev, Boris"]
[Result "1/2-1/2"]
[WhiteElo "2461"]
[BlackElo "2545"]
[PlyCount "0"]
[EventDate "2016.07.07"]
[EventRounds "10"]
[EventCountry "WLS"]

1. e4 {[%clk 1:30:53]} c5 {[%clk 1:30:57]} 2. Nf3 {[%clk 1:31:13]} d6
{[%clk 1:31:23]} 3. d4 {[%clk 1:31:36]} cxd4 {[%clk 1:31:49]} 4. Nxd4
{[%clk 1:31:57]} Nf6 {[%clk 1:32:17]} 5. Nc3 {[%clk 1:32:19]} g6 {[%clk 1:32:43]}
6. Be2 {[%clk 1:32:40]} Bg7 {[%clk 1:33:07]} 7. Be3 {[%clk 1:33:03]} O-O
{[%clk 1:33:30]} 8. f4 {[%clk 1:33:14]} Nc6 {[%clk 1:33:54]} 9. O-O
{[%clk 1:33:20]} Qb6 {[%clk 1:34:05]} 10. Qd3 {[%clk 1:33:29]} Ng4
{[%clk 1:34:03]} 11. Bxg4 {[%clk 1:33:22]} Bxd4 {[%clk 1:34:18]} 12. Bxd4
{[%clk 1:33:37]} Qxd4+ {[%clk 1:34:42]} 13. Qxd4 {[%clk 1:33:58]} Nxd4
{[%clk 1:35:08]} 14. Bd1 {[%clk 1:34:20]} Be6 {[%clk 1:35:31]} 1/2-1/2

[Event "2016 South Wales International"]
[Site "Cardiff"]
[Date "2016.07.09"]
[Round "5"]
[Board "2"]
[White "Gretarsson, Hjorvar Steinn"]
[Black "Nielsen, Lars Aaes"]
[Result "1-0"]
[WhiteElo "2550"]
[BlackElo "2234"]
[PlyCount "0"]
[EventDate "2016.07.07"]
[EventRounds "10"]
[EventCountry "WLS"]

1. d4 {[%clk 1:27:39]} d5 {[%clk 1:30:56]} 2. c4 {[%clk 1:28:06]} e6
{[%clk 1:31:23]} 3. Nf3 {[%clk 1:28:32]} Nf6 {[%clk 1:31:26]} 4. g3
{[%clk 1:28:57]} c5 {[%clk 1:30:19]} 5. cxd5 {[%clk 1:28:37]} exd5
{[%clk 1:30:01]} 6. Bg2 {[%clk 1:29:00]} Nc6 {[%clk 1:29:12]} 7. O-O
{[%clk 1:29:20]} cxd4 {[%clk 1:25:20]} 8. Nxd4 {[%clk 1:29:43]} Qb6
{[%clk 1:25:00]} 9. Nb3 {[%clk 1:29:04]} Be6 {[%clk 1:23:34]} 10. Be3
{[%clk 1:28:39]} Qb4 {[%clk 1:20:33]} 11. a3 {[%clk 1:22:50]} Qg4
{[%clk 1:19:49]} 12. Nc3 {[%clk 1:22:07]} Qh5 {[%clk 1:18:46]} 13. f3
{[%clk 1:21:06]} Bd6 {[%clk 1:09:45]} 14. Nb5 {[%clk 1:18:42]} Bb8
{[%clk 1:10:05]} 15. Nc5 {[%clk 1:13:37]} O-O {[%clk 1:04:43]} 16. Nd4
{[%clk 1:08:42]} Nxd4 {[%clk 1:02:45]} 17. Bxd4 {[%clk 1:08:44]} b6
{[%clk 0:59:19]} 18. Nd3 {[%clk 1:07:50]} Nd7 {[%clk 0:55:00]} 19. Rc1
{[%clk 1:06:37]} Bh3 {[%clk 0:46:29]} 20. Qa4 {[%clk 1:02:01]} Bxg2
{[%clk 0:38:01]} 21. Kxg2 {[%clk 1:02:22]} Be5 {[%clk 0:36:47]} 22. Rfd1
{[%clk 0:56:42]} Rfe8 {[%clk 0:21:12]} 23. Bxe5 {[%clk 0:55:30]} Nxe5
{[%clk 0:21:38]} 24. Nf4 {[%clk 0:55:08]} Qh6 {[%clk 0:21:29]} 25. Nxd5
{[%clk 0:45:05]} b5 {[%clk 0:15:47]} 26. Qf4 {[%clk 0:35:36]} Qxf4
{[%clk 0:14:54]} 27. gxf4 {[%clk 0:35:04]} Nc4 {[%clk 0:14:53]} 28. Rc2
{[%clk 0:34:23]} Rad8 {[%clk 0:08:08]} 29. Kf2 {[%clk 0:34:33]} Kf8
{[%clk 0:06:17]} 30. e4 {[%clk 0:32:51]} Re6 {[%clk 0:04:31]} 31. a4
{[%clk 0:27:44]} a6 {[%clk 0:03:40]} 32. axb5 {[%clk 0:27:55]} axb5
{[%clk 0:04:06]} 33. b3 {[%clk 0:27:20]} Rh6 {[%clk 0:04:11]} 34. Ke1
{[%clk 0:23:30]} Na5 {[%clk 0:04:37]} 35. Rd3 {[%clk 0:19:49]} Nc6
{[%clk 0:04:03]} 36. Rdc3 {[%clk 0:18:49]} Nd4 {[%clk 0:02:42]} 37. Rd2
{[%clk 0:17:28]} Nc6 {[%clk 0:03:07]} 38. Rc5 {[%clk 0:15:27]} Ra8
{[%clk 0:01:54]} 39. Rc1 {[%clk 0:08:22]} Rd8 {[%clk 0:01:45]} 40. Rc5
{[%clk 0:00:53]} Ra8 {[%clk 0:01:43]} 41. Rcc2 {[%clk 0:26:07]} Ra1+
{[%clk 0:20:39]} 42. Rd1 {[%clk 0:25:26]} Ra8 {[%clk 0:21:04]} 43. Rdc1
{[%clk 0:23:34]} Ne7 {[%clk 0:17:06]} 44. Nxe7 {[%clk 0:15:14]} Kxe7
{[%clk 0:17:30]} 45. f5 {[%clk 0:13:15]} Rh3 {[%clk 0:11:56]} 46. Rc7+
{[%clk 0:13:19]} Kf6 {[%clk 0:07:57]} 47. Kf2 {[%clk 0:11:40]} Ra2+
{[%clk 0:05:00]} 48. Ke3 {[%clk 0:11:11]} g5 {[%clk 0:04:20]} 49. fxg6
{[%clk 0:09:59]} hxg6 {[%clk 0:04:41]} 50. R1c6+ {[%clk 0:09:49]} Kg7
{[%clk 0:04:55]} 51. Rb6 {[%clk 0:09:57]} Rh7 {[%clk 0:01:07]} 52. Rxb5
{[%clk 0:10:01]} Raxh2 {[%clk 0:01:25]} 53. Rbb7 {[%clk 0:07:44]} Kg8
{[%clk 0:01:49]} 54. b4 {[%clk 0:06:57]} g5 {[%clk 0:01:51]} 55. e5
{[%clk 0:06:43]} Rh1 {[%clk 0:01:51]} 56. Re7 {[%clk 0:02:56]} Re1+
{[%clk 0:00:52]} 57. Kd2 {[%clk 0:03:21]} Reh1 {[%clk 0:01:11]} 58. e6
{[%clk 0:03:09]} R7h2+ {[%clk 0:01:08]} 59. Kc3 {[%clk 0:03:32]} Rc1+
{[%clk 0:01:29]} 60. Kb3 {[%clk 0:03:55]} Rb1+ {[%clk 0:01:38]} 61. Ka4
{[%clk 0:04:02]} Ra2+ {[%clk 0:01:37]} 62. Kb5 {[%clk 0:04:27]} Rab2
{[%clk 0:02:03]} 63. exf7+ {[%clk 0:03:40]} Kg7 {[%clk 0:02:29]} 64. Re8
{[%clk 0:03:05]} Rxb4+ {[%clk 0:02:23]} 65. Kc5 {[%clk 0:03:29]} 1-0

[Event "2016 South Wales International"]
[Site "Cardiff"]
[Date "2016.07.09"]
[Round "5"]
[Board "3"]
[White "Lauridsen, Jesper Morch"]
[Black "Arkell, Keith C"]
[Result "0-1"]
[WhiteElo "2259"]
[BlackElo "2455"]
[PlyCount "0"]
[EventDate "2016.07.07"]
[EventRounds "10"]
[EventCountry "WLS"]

1. e4 {[%clk 1:30:58]} c6 {[%clk 1:22:47]} 2. d4 {[%clk 1:31:09]} d5
{[%clk 1:23:14]} 3. Nc3 {[%clk 1:31:24]} g6 {[%clk 1:23:39]} 4. exd5
{[%clk 1:28:59]} cxd5 {[%clk 1:24:04]} 5. Bf4 {[%clk 1:29:17]} a6
{[%clk 1:24:12]} 6. h4 {[%clk 1:23:49]} Nf6 {[%clk 1:23:54]} 7. h5
{[%clk 1:23:08]} Nxh5 {[%clk 1:23:26]} 8. Rxh5 {[%clk 1:22:58]} gxh5
{[%clk 1:23:50]} 9. Qxh5 {[%clk 1:21:28]} Nc6 {[%clk 1:19:10]} 10. Nf3
{[%clk 0:44:56]} e6 {[%clk 1:17:10]} 11. Ng5 {[%clk 0:38:25]} Qf6
{[%clk 1:16:55]} 12. g3 {[%clk 0:32:14]} Qg6 {[%clk 1:15:21]} 13. Qh1
{[%clk 0:32:01]} Nb4 {[%clk 1:15:35]} 14. Bd3 {[%clk 0:29:18]} Nxd3+
{[%clk 1:15:59]} 15. cxd3 {[%clk 0:29:45]} f6 {[%clk 1:11:33]} 16. Nf3
{[%clk 0:28:28]} Bd7 {[%clk 1:11:06]} 17. O-O-O {[%clk 0:28:18]} O-O-O
{[%clk 1:06:43]} 18. Kb1 {[%clk 0:27:16]} Bc6 {[%clk 1:06:44]} 19. Re1
{[%clk 0:18:17]} Qf7 {[%clk 1:05:47]} 20. Qh3 {[%clk 0:15:01]} Bd6
{[%clk 1:05:11]} 21. Qxe6+ {[%clk 0:12:31]} Qxe6 {[%clk 1:05:35]} 22. Rxe6
{[%clk 0:12:53]} Bxf4 {[%clk 1:06:00]} 23. gxf4 {[%clk 0:13:19]} Rhf8
{[%clk 1:04:14]} 24. Re7 {[%clk 0:10:29]} Rd7 {[%clk 1:04:37]} 25. Re1
{[%clk 0:10:50]} Rg8 {[%clk 1:04:42]} 26. Re6 {[%clk 0:09:20]} Rf7
{[%clk 1:04:48]} 27. Nh4 {[%clk 0:08:44]} Kd7 {[%clk 1:05:03]} 28. f5
{[%clk 0:08:12]} Rg4 {[%clk 1:04:57]} 29. Nf3 {[%clk 0:08:30]} Rf4
{[%clk 1:05:12]} 30. Re3 {[%clk 0:08:22]} Re7 {[%clk 1:05:16]} 0-1

[Event "2016 South Wales International"]
[Site "Cardiff"]
[Date "2016.07.09"]
[Round "5"]
[Board "4"]
[White "Wells, Peter K"]
[Black "Ralphs, Nigel"]
[Result "1-0"]
[WhiteElo "2419"]
[BlackElo "2000"]
[PlyCount "0"]
[EventDate "2016.07.07"]
[EventRounds "10"]
[EventCountry "WLS"]

1. c4 {[%clk 1:25:02]} c6 {[%clk 1:30:42]} 2. e4 {[%clk 1:24:42]} d5
{[%clk 1:31:04]} 3. exd5 {[%clk 1:25:00]} cxd5 {[%clk 1:31:31]} 4. d4
{[%clk 1:24:20]} Nf6 {[%clk 1:31:54]} 5. Nc3 {[%clk 1:24:46]} e6 {[%clk 1:32:20]}
6. Nf3 {[%clk 1:25:08]} Be7 {[%clk 1:32:22]} 7. cxd5 {[%clk 1:25:06]} Nxd5
{[%clk 1:32:18]} 8. Bd3 {[%clk 1:24:49]} O-O {[%clk 1:32:16]} 9. O-O
{[%clk 1:25:06]} Nc6 {[%clk 1:30:59]} 10. Re1 {[%clk 1:25:02]} Ncb4
{[%clk 1:21:57]} 11. Bb1 {[%clk 1:22:54]} Nf6 {[%clk 1:21:58]} 12. a3
{[%clk 1:11:52]} Nbd5 {[%clk 1:22:20]} 13. Ne5 {[%clk 1:09:31]} Re8
{[%clk 0:50:59]} 14. Qf3 {[%clk 0:58:10]} Bd7 {[%clk 0:33:05]} 15. Qh3
{[%clk 0:29:15]} Bc6 {[%clk 0:18:53]} 16. Ne4 {[%clk 0:24:03]} Nxe4
{[%clk 0:15:56]} 17. Rxe4 {[%clk 0:20:34]} f5 {[%clk 0:14:34]} 18. Nxc6
{[%clk 0:19:44]} bxc6 {[%clk 0:14:38]} 19. Rxe6 {[%clk 0:19:43]} 1-0

[Event "2016 South Wales International"]
[Site "Cardiff"]
[Date "2016.07.09"]
[Round "5"]
[Board "5"]
[White "Kett, Tim"]
[Black "Webb, Laurence E"]
[Result "0-1"]
[WhiteElo "2209"]
[BlackElo "2286"]
[PlyCount "0"]
[EventDate "2016.07.07"]
[EventRounds "10"]
[EventCountry "WLS"]

1. e4 {[%clk 1:30:17]} e6 {[%clk 1:30:55]} 2. d4 {[%clk 1:30:26]} d5
{[%clk 1:31:21]} 3. Nc3 {[%clk 1:30:42]} Bb4 {[%clk 1:31:11]} 4. e5
{[%clk 1:30:58]} b6 {[%clk 1:30:00]} 5. Nf3 {[%clk 1:28:06]} Qd7 {[%clk 1:19:30]}
6. Be2 {[%clk 1:20:38]} Ba6 {[%clk 1:18:57]} 7. Bxa6 {[%clk 1:18:28]} Nxa6
{[%clk 1:19:11]} 8. Qd3 {[%clk 1:13:34]} Nb8 {[%clk 1:18:18]} 9. O-O
{[%clk 1:13:55]} Bf8 {[%clk 0:59:21]} 10. Nd1 {[%clk 1:09:22]} Ne7
{[%clk 0:57:34]} 11. Ne3 {[%clk 1:09:11]} Nbc6 {[%clk 0:56:57]} 12. b3
{[%clk 1:09:18]} Ng6 {[%clk 0:45:33]} 13. Bb2 {[%clk 0:54:20]} Be7
{[%clk 0:43:30]} 14. c4 {[%clk 0:48:18]} O-O {[%clk 0:43:00]} 15. cxd5
{[%clk 0:47:03]} exd5 {[%clk 0:37:55]} 16. Rfc1 {[%clk 0:40:26]} Nd8
{[%clk 0:36:39]} 17. a4 {[%clk 0:39:54]} c6 {[%clk 0:34:29]} 18. Ba3
{[%clk 0:36:23]} Ne6 {[%clk 0:31:30]} 19. Bxe7 {[%clk 0:35:56]} Nxe7
{[%clk 0:31:46]} 20. Ra2 {[%clk 0:33:27]} Rfd8 {[%clk 0:31:05]} 21. g3
{[%clk 0:31:05]} Rac8 {[%clk 0:30:11]} 22. b4 {[%clk 0:26:36]} c5
{[%clk 0:28:23]} 23. bxc5 {[%clk 0:26:54]} bxc5 {[%clk 0:28:48]} 24. dxc5
{[%clk 0:26:31]} Nxc5 {[%clk 0:28:36]} 25. Qb5 {[%clk 0:25:04]} Ne6
{[%clk 0:25:28]} 26. Rxc8 {[%clk 0:23:19]} Qxc8 {[%clk 0:25:45]} 27. Rc2
{[%clk 0:23:15]} Qa8 {[%clk 0:23:15]} 28. Qd3 {[%clk 0:12:39]} d4
{[%clk 0:21:43]} 29. Nf5 {[%clk 0:10:01]} Nxf5 {[%clk 0:19:42]} 30. Qxf5
{[%clk 0:10:25]} d3 {[%clk 0:18:55]} 31. Rd2 {[%clk 0:10:12]} Qd5
{[%clk 0:16:25]} 32. h4 {[%clk 0:07:52]} h6 {[%clk 0:16:24]} 33. h5
{[%clk 0:06:14]} a5 {[%clk 0:16:08]} 34. g4 {[%clk 0:05:06]} Qc4 {[%clk 0:13:17]}
35. g5 {[%clk 0:02:21]} hxg5 {[%clk 0:08:03]} 36. Nxg5 {[%clk 0:02:39]} Nxg5
{[%clk 0:04:52]} 37. Qxg5 {[%clk 0:02:56]} Rd4 {[%clk 0:05:00]} 38. f3
{[%clk 0:02:01]} Qc5 {[%clk 0:03:44]} 39. Kg2 {[%clk 0:02:11]} f6
{[%clk 0:02:43]} 40. Qg3 {[%clk 0:00:34]} Qxe5 {[%clk 0:01:16]} 41. Qxe5
{[%clk 0:00:47]} fxe5 {[%clk 0:01:44]} 42. Kf2 {[%clk 0:01:01]} Rxa4
{[%clk 0:27:29]} 43. Rxd3 {[%clk 0:31:14]} Rd4 {[%clk 0:27:33]} 44. Rc3
{[%clk 0:28:02]} Rd8 {[%clk 0:20:12]} 45. Ke3 {[%clk 0:04:11]} Ra8
{[%clk 0:20:03]} 46. Ke4 {[%clk 0:03:26]} a4 {[%clk 0:20:22]} 47. Kxe5
{[%clk 0:03:34]} a3 {[%clk 0:20:21]} 48. Rc1 {[%clk 0:03:57]} a2 {[%clk 0:17:28]}
49. Ra1 {[%clk 0:04:24]} Kf7 {[%clk 0:14:10]} 50. h6 {[%clk 0:01:43]} gxh6
{[%clk 0:14:10]} 51. Kf5 {[%clk 0:00:58]} Ra5+ {[%clk 0:14:28]} 52. Kg4
{[%clk 0:01:22]} Kg6 {[%clk 0:14:37]} 53. f4 {[%clk 0:01:41]} h5+
{[%clk 0:14:17]} 54. Kh4 {[%clk 0:01:54]} Ra3 55. f5+ 0-1